50 Biggest Cities in Order on a Map - Statistics

General Stats
  • This quiz has been taken 1,044 times
  • The average score is 43 of 50
Answers on the Map
Answers color-coded by a green-red scale on the quiz's map according to % correct below.
 
Answer Stats
City Population % Correct
Tokyo 40,400,000
99%
Cairo 21,000,000
96%
Delhi 30,300,000
96%
Guangzhou 46,700,000
96%
Jakarta 31,300,000
96%
Mexico City 23,000,000
96%
Shanghai 33,600,000
96%
Bangkok 18,800,000
95%
Beijing 19,800,000
95%
Manila 25,700,000
95%
Mumbai 25,100,000
95%
New York 22,100,000
95%
São Paulo 22,400,000
95%
Seoul 24,800,000
95%
Buenos Aires 16,400,000
94%
Dhaka 20,200,000
94%
Istanbul 16,000,000
94%
Lagos 19,400,000
94%
London 14,800,000
94%
Los Angeles 17,700,000
94%
Moscow 17,300,000
94%
Rio de Janeiro 13,200,000
94%
Johannesburg 13,900,000
93%
Osaka 17,700,000
93%
Tehran 15,300,000
93%
Karachi 17,800,000
90%
Kolkata 16,800,000
90%
Paris 11,400,000
89%
Kinshasa 12,400,000
87%
Lima 10,100,000
87%
Lahore 13,000,000
86%
Chicago 9,750,000
84%
Bogota 9,600,000
83%
Taipei 9,150,000
82%
Bengaluru 12,200,000
81%
Chennai 11,300,000
81%
Ho Chi Minh City 8,600,000
79%
Kuala Lumpur 8,900,000
79%
Nagoya 10,500,000
79%
Tianjin 12,700,000
79%
Washington, D.C. 8,550,000
79%
Hyderabad 10,200,000
78%
Riyadh 8,050,000
74%
Wuhan 9,050,000
74%
Luanda 8,150,000
72%
Chengdu 9,600,000
70%
Xiamen 10,000,000
69%
Ahmedabad 8,500,000
67%
Chongqing 8,150,000
61%
Hangzhou 8,450,000
56%
No matching quizzes found
Score Distribution
Percent of People with Each Score
Percentile by Number Answered
Your Score History
You have not taken this quiz